Markup : Food and Agriculture Act of 1977 and Related Bills.

Bibliographic Details
Format: eBook
Language:English
Published: [Washington : U.S. G.P.O.], 1977.
Subjects:
Online Access:Electronic resource (PDF)

MARC

Tag First Indicator Second Indicator Subfields
LEADER 00000cam a22000001i 4500
001 in00004121221
005 20200117084911.0
006 m d f
007 cr bn mmmapmmp
008 091109s1977 dcu o f000 0 eng d
035 |a cis2007528238 
040 |a UMI  |b eng  |e rda  |c UMI  |d UtOrBLW 
110 1 |a United States.  |b Congress.  |b Senate.  |b Committee on Agriculture, Nutrition, and Forestry,  |e issuing body.  |0 http://id.loc.gov/authorities/names/n78080632 
245 1 0 |a Markup :  |b Food and Agriculture Act of 1977 and Related Bills. 
264 1 |a [Washington :  |b U.S. G.P.O.],  |c 1977. 
300 |a 79 pages, digital, PDF file. 
336 |a text  |2 rdacontent  |b txt 
337 |a computer  |b c  |2 rdamedia 
338 |a online resource  |2 rdacarrier  |b cr 
500 |a Record is based on bibliographic data in ProQuest Congressional Hearings Digital Collection (last viewed July 2018) Reuse except for individual research requires license from ProQuest, LLC. 
538 |a System requirements: PDF reader software. 
500 |a Electronic resource. 
650 0 |a Agricultural prices.  |0 http://id.loc.gov/authorities/subjects/sh85002394 
650 0 |a Agricultural credit.  |0 http://id.loc.gov/authorities/subjects/sh85002302 
730 0 |a ProQuest U.S. Congressional Hearings Digital Collection. 
776 0 8 |a United States. Congress. Senate. Committee on Agriculture, Nutrition, and Forestry.  |t Markup: Food and Agriculture Act of 1977 and Related Bills  |o 95 SAg-T.37 
856 4 0 |u http://proxy.library.tamu.edu/login?url=http://congressional.proquest.com/congcomp/getdoc?HEARING-ID=HRG-1977-ANF-0052  |y Electronic resource (PDF)  |t 0 
999 f f |s 4e1dfa75-eb77-3c73-978e-474d03569d43  |i a7a2fee5-072e-3775-af96-2a8b75bf0904  |t 0 
952 f f |a Texas A&M University  |b College Station  |c Electronic Resources  |d Available Online  |t 0  |h No information provided 
998 f f |t 0  |l Available Online